000 00546nmm a2200157Ia 4500
008 251105s9999||||xx |||||||||||||||||und||
020 _a9789587842135
041 _aspa
100 _aGaitán Barrero, Clara Helena
245 0 _aLos rojos y los azules: La violencia de la polarización bipartidista, Pacho (1930-1956)
264 _a[Bogotá, Colombia] :
_bUniversidad del Rosario,
_c2019
300 _a372 páginas
650 _aHistory of the Americas: Latin America
856 _uhttps://public.digitaliapublishing.com/a/60565
942 _cCF
999 _c96387
_d96387